00876 a2200205 45000010006000000050017000060080041000230030015000640400040000790800151001192450049002700200018003192640030003373000019003675050122003861000022005087000020005307000021005508560099005714749920260407155742.0260407a1982 arg spa dAR-UNSa-BCEJYS aAR-UNSa-BCEJYSbspacAR-UNSa-BCEJYS a001.8xMetodología. Estudio general del método. Procedimientos científicos y técnicos para el estudio, La investigación y la discusión10aEl espacio de Eistein y el cielo de Van Gogh a84-7432-226-X 1aBarcelona :bGedisac1982 a257 p.c23 cm. a1. Las significaciones de la realidad - 2. La busca de la verdad científica - 3. Dominios de las Ciencias Sociales.1 aBixio, Alberto L.1 aMargenau, Henry1 aLeShan, Lawrence41uhttps://www.biblioeco.unsa.edu.ar/pmb/images/libros/L127533.jpgyImagen de portadaqimage/jpeg